Normal view
MARC view
- Prakash, Dr. R.
Entry Personal Name
001 - CONTROL NUMBER
- control field: 4006
003 - CONTROL NUMBER IDENTIFIER
- control field: OSt
005 - DATE AND TIME OF LATEST TRANSACTION
- control field: 20210308102421.0
008 - FIXED-LENGTH DATA ELEMENTS
- fixed length control field: 210308|| aca||aabn | a|a d
040 ## - CATALOGING SOURCE
- Original cataloging agency: OSt
- Transcribing agency: OSt
100 ## - HEADING--PERSONAL NAME
- Personal name: Prakash, Dr. R.
670 ## - SOURCE DATA FOUND
- Source citation: Work cat.: (OSt)2219: Prakash, Dr. R., Murli Manohar's Art of Conveyancing and Pleading , c2004
